The war of the critics over William Dean Howells

This is a representative selection from what is actually the vast literature of an unsettled controversy and the materials for a history of the most meaningful century of American criticism in writings by the most of the best and worst of the American and certain of the British critics.

Na minha lista:
Detalhes bibliográficos
Formato: Livro
Idioma:Undetermined
Publicado em: Illinois, US Peterson and company 1962
Assuntos:
Tags: Adicionar Tag
Sem tags, seja o primeiro a adicionar uma tag!
Thư viện lưu trữ: Trung tâm Học liệu Trường Đại học Cần Thơ
LEADER 00827nam a2200181Ia 4500
001 CTU_141387
008 210402s9999 xx 000 0 und d
082 |a 820.09 
082 |b W253 
245 4 |a The war of the critics over William Dean Howells 
245 0 |c Edited by Edwin H. Cady, David L. Frazier 
260 |a Illinois, US 
260 |b Peterson and company 
260 |c 1962 
520 |a This is a representative selection from what is actually the vast literature of an unsettled controversy and the materials for a history of the most meaningful century of American criticism in writings by the most of the best and worst of the American and certain of the British critics. 
650 |a English literature,Văn học Anh 
904 |i Trọng Hiếu 
980 |a Trung tâm Học liệu Trường Đại học Cần Thơ